Typológia situácií a ekvivalentné frázy v diplomacii

Analýza reči diplomacie v oblasti jazykových konštrukcií. Štylistické prostriedky v politickej komunikácii a diplomacii. Typológia vybraných komunikačných situácií a štylistické prostriedky. Vzťahy v diplomacii.

Salvato in:
Dettagli Bibliografici
Autore principale: Melušová, Elena, 1953-
Natura: Capitolo di libro
Lingua:slovacco
Soggetti:
Tags: Aggiungi Tag
Nessun Tag, puoi essere il primo ad aggiungerne!!

MARC

LEADER 00000naa$a2200000$$$4500
001 0161637
005 20240502083359.3
041 0 |a slo 
044 |a FR 
245 1 0 |a Typológia situácií a ekvivalentné frázy v diplomacii  |c Elena Melušová 
520 |a Analýza reči diplomacie v oblasti jazykových konštrukcií. Štylistické prostriedky v politickej komunikácii a diplomacii. Typológia vybraných komunikačných situácií a štylistické prostriedky. Vzťahy v diplomacii. 
610 2 0 |a diplomacia 
610 2 0 |a diplomati 
610 2 0 |a jazyk odborný 
610 2 0 |a jazykoveda 
610 2 0 |a francúzština 
610 2 0 |a politika 
610 2 0 |a komunikácia 
100 1 |a Melušová, Elena, 1953-